Pendennis : (Record no. 187127)

000 -LEADER
fixed length control field 01557 a2200181 4500
003 - CONTROL NUMBER IDENTIFIER
control field NUST
005 - DATE AND TIME OF LATEST TRANSACTION
control field 20230130135601.0
040 ## - CATALOGING SOURCE
Transcribing agency Nust
082 ## - DEWEY DECIMAL CLASSIFICATION NUMBER
Classification number 920,THA
100 ## - MAIN ENTRY--PERSONAL NAME
Personal name Thackeray's,
9 (RLIN) 108076
245 ## - TITLE STATEMENT
Title Pendennis :
Remainder of title With life & writing of thackeray generla cirticism, a complete summary & character sketches /
Statement of responsibility, etc. Thackeray's
260 ## - PUBLICATION, DISTRIBUTION, ETC.
Place of publication, distribution, etc. Lahore
Name of publisher, distributor, etc. Atmaram & Sons
Date of publication, distribution, etc. 1935
300 ## - PHYSICAL DESCRIPTION
Extent xxxii, 815 p.;
Other physical details illus
Dimensions 19 cm
505 ## - FORMATTED CONTENTS NOTE
Formatted contents note Shows How First Love May Interrupt Breakfast (Page-3), A Pedigree And Other Family Matters (Page-8), In Which Pendennis Appears As A Very Young Man Indeed (Page-25), Mrs. Haller (Page-38), Contains Both Love And War (Page-59), In Which Major Makes His Appearance (Page-71), Facing The Enemy (Page-99), Negotiation (Page-104), A Crisis (Page-122), The Happy Village (Page-137), Alma Mater (Page-148), Flight After Defeat (Page-197), New Faces (Page-215), A House Full Of Visitors (Page-252), Babylon (Page-291), A Dinner In The Row (Page-355), Alsatia (Page-441), Miss Amory’s Partners (Page-475), In Shepherd’s Inn (Page-511), The Happy Village Again (Page-527), Foreign Ground (Page-592), Fairoaks To Let (Page-605), Old Friends (Page-616), The Way Of The World (Page-652), Temptation (Page-687), In Which Pen Begins His Canvass (Page-699), In Which The Major Is Bidden To Stand And Deliver (Page-722), Fiat Justitia (Page-749), Mr And Mrs Sam Huxter (Page-766), Exeunt Mones (Page-792).
600 ## - SUBJECT ADDED ENTRY--PERSONAL NAME
Personal name Pendennis, Thackeray's,
9 (RLIN) 108077
650 ## - SUBJECT ADDED ENTRY--TOPICAL TERM
Topical term or geographic name entry element Life of Thackeray's Pendennis
9 (RLIN) 108078
942 ## - ADDED ENTRY ELEMENTS (KOHA)
Source of classification or shelving scheme
Koha item type Book
Call number prefix 920,THA
Holdings
Withdrawn status Lost status Source of classification or shelving scheme Damaged status Not for loan Permanent Location Current Location Shelving location Date acquired Full call number Barcode Date last seen Price effective from Koha item type Public note
          Military College of Signals (MCS) Military College of Signals (MCS) General Stacks 12/12/2016 920,THA MCS30219 12/08/2016 12/12/2016 Book Almirah No.59, Shelf No.4
© 2023 Central Library, National University of Sciences and Technology. All Rights Reserved.